Statistics for Biggest Non-Capital City In Random US States

Click here to take the quiz!

General Stats

  • This quiz has been taken 30 times
  • The average score is 15 of 20

Answer Stats

StatePopulationCity% Correct
Maryland593,490Baltimore
100%
North Carolina885,708Charlotte
100%
Illinois2,693,976Chicago
100%
Ohio381,009Cleveland
100%
Colorado478,221Colorado Springs
100%
North Dakota124,662Fargo
100%
Texas2,320,268Houston
100%
Florida911,507Jacksonville
100%
Missouri495,327Kansas City
100%
Kentucky617,638Louisville
100%
Tennessee651,073Memphis
100%
Wisconsin590,157Milwaukee
100%
Minnesota429,606Minneapolis
100%
New Jersey282,011Newark
100%
New York8,336,817New York City
100%
Nebraska478,192Omaha
100%
Pennsylvania1,584,064Philadelphia
100%
Oregon654,741Portland
100%
Washington753,675Seattle
100%
South Dakota183,793Sioux Falls
100%
Virginia449,974Virginia Beach
100%
Wyoming58,446Casper
67%
Nevada651,319Las Vegas
67%
Arizona548,073Tucson
67%
Oklahoma401,190Tulsa
67%
Kansas389,938Wichita
67%
Georgia197,888Augusta
50%
Connecticut144,399Bridgeport
50%
Maine66,595Portland
50%
New Mexico560,513Albuquerque
33%
Iowa133,562Cedar Rapids
25%
Indiana270,402Fort Wayne
25%
Alaska293,531Anchorage
0%
Montana109,577Billings
0%
Alabama209,403Birmingham
0%
Vermont42,545Burlington
0%
South Carolina137,566Charleston
0%
Rhode Island81,254Cranston
0%
Michigan670,031Detroit
0%
Hawaii47,540East Honolulu
0%
Arkansas87,743Fort Smith
0%
Mississippi71,676Gulfport
0%
West Virginia46,667Huntington
0%
California3,979,576Los Angeles
0%
New Hampshire112,673Manchester
0%
Idaho114,161Meridian
0%
Louisiana390,144New Orleans
0%
Utah135,248West Valley City
0%
Delaware70,644Wilmington
0%
Massachusetts185,428Worcester
0%

Score Distribution

Percentile by Number Answered

Percent of People with Each Score

Your Score History

You have not taken this quiz